Statistiques concernant Capitaines des clubs Premier League (2022-2023)

Cliquez ici pour prendre le quiz!

Statistiques générales

  • Ce quiz a été pris 382 fois
    (174 depuis la dernière actualisation)
  • Le résultat moyen est 10 sur 20

Statistiques - réponses

ÉquipeCapitaineNationalité% Correct
Arsenal FCMartin ØdegaardNorvégien
96%
Manchester CityIlkay GündoğanAllemand
89%
Tottenham HostpursHugo LlorisFrançais
88%
Liverpool FCJordan HendersonAnglais
83%
Manchester UnitedHarry MaguireAnglais
82%
Chelsea FCCésar AzpilicuetaEspagnol
80%
WolverhamptonRuben NevesPortugais
65%
Aston VillaJohn McGinnÉcossais
56%
West Ham UnitedDeclan RiceAnglais
55%
Everton FCSeamus ColemanIrlandais
45%
Southampton FCJames Ward-ProwseAnglais
43%
Brighton & Hove AlbionLewis DunkAnglais
42%
Leicester CityJonny EvansNord-Irlandais
35%
BournemouthNetoBrésilien
24%
Crystal PalaceLuka MilivojevicSerbe
23%
Newcastle UnitedJamaal LascellesAnglais
16%
Fulham FCTom CairneyÉcossais
13%
Brentford FCPontus JanssonSuédois
10%
Leeds UnitedLiam CooperÉcossais
8%
Nottingham ForestJoe WorrallAnglais
5%

Distribution des résultats

Percentile par nombre de réponses

% des personnes avec chaque résultat

Votre développement - résultats

Vous n’avez pas pris ce quiz depuis la dernière actualisation